000 00559nam a2200193Ia 4500
003 LK-CoDNM
005 20241217130954.0
008 010623t1998 xxu||||| |||| 00| 1 sin d
040 _aLK-CoDNM
_dLK-CoDNM
_eLK-CoDNM
041 _asin
080 _ax 8සී-1
100 _aකේ.ඩී.සී.පී.වික්‍රමසිංහ
245 _aසසදාවත
246 _aSasadawata
260 _bගුණසේන සමාගම
_aColombo
_c1961
300 _b280p, : 14 cm
650 _aපුරාතන පද්‍ය
942 _cBK
999 _c233384
_d233384